| 000 | 00000nas 2200000zi 4500 |
| 001 | 9.938962 |
| 003 | CaOODSP |
| 005 | 20250616135759 |
| 006 | m o d f |
| 007 | cr cn |||||||| |
| 008 | 240604c20249999oncar p o f0###a0eng|d |
| 022 | |a2818-4246 |
| 040 | |aCaOODSP|beng|erda|cCaOODSP |
| 043 | |an-cn--- |
| 086 | 1 |aFC2-12E-PDF |
| 110 | 2 |aFinancial Consumer Agency of Canada.|eauthor, |eissuing body. |
| 222 | 0|aAnnual report on fighting against forced labour and child labour in supply chains for the reporting period of ... |b(Financial Consumer Agency of Canada) |
| 245 | 10|aAnnual report on fighting against forced labour and child labour in supply chains for the reporting period of ... |
| 264 | 1|aOttawa, ON : |bFinancial Consumer Agency of Canada = Agence de la consommation en matière financière du Canada, |c[2024]- |
| 310 | |aAnnual |
| 336 | |atext|btxt|2rdacontent |
| 337 | |acomputer|bc|2rdamedia |
| 338 | |aonline resource|bcr|2rdacarrier |
| 362 | 1 |aBegan with: April 1, 2023 to March 31, 2024. |
| 500 | |aIssued also in French under title: Rapport annuel sur la lutte contre le travail forcé et le travail des enfants dans les chaînes d'approvisionnement pour la période du ... |
| 588 | |aDescription based on: April 1, 2023 to March 31, 2024; title from PDF cover page. |
| 588 | |aLatest issue consulted: April 1, 2023 to March 31, 2024. |
| 610 | 20|aFinancial Consumer Agency of Canada|vPeriodicals. |
| 610 | 10|aCanada. |tFighting Against Forced Labour and Child Labour in Supply Chains Act |vPeriodicals. |
| 650 | 0|aForced labor|zCanada|xPrevention|vPeriodicals. |
| 650 | 0|aChild labor|zCanada|xPrevention|vPeriodicals. |
| 655 | 7|aPeriodicals|2lcgft |
| 775 | 08|tRapport annuel sur la lutte contre le travail forcé et le travail des enfants dans les chaînes d'approvisionnement pour la période du ...|w(CaOODSP)9.938965 |